000 00240nam a2200097Ia 4500
001 834800
005 20250826172441.0
008 250824s9999 xx 000 0 und d
245 0 _aMERHAMET
_cESMA BUDAK
260 _bDİYANET İŞLERİ YAYINLARI
999 _c834800
_d834800